NBA Season High by Season - Statistics

General Stats
  • This quiz has been taken 596 times
    10 since last reset
  • The average score is 32 of 49
Answer Stats
Player % Correct
Bam Adebayo
100%
Carmelo Anthony
100%
Damian Lillard
100%
Devin Booker
100%
Donovan Mitchell
100%
James Harden
100%
Karl-Anthony Towns
100%
Kobe Bryant
100%
Kyrie Irving
100%
LeBron James
100%
Luka Dončić
100%
Nikola Jokić
100%
Stephen Curry
100%
Allen Iverson
90%
Karl Malone
90%
Michael Jordan
90%
Moses Malone
90%
Shaquille O'Neal
90%
Tracy McGrady
90%
Wilt Chamberlain
90%
David Robinson
80%
Elgin Baylor
80%
George Gervin
80%
George Mikan
80%
Bob McAdoo
70%
Bob Pettit
70%
Dominique Wilkins
70%
Grant Hill
70%
Larry Bird
60%
Pete Maravich
60%
Rick Barry
60%
Adrian Dantley
50%
Bernard King
50%
David Thompson
50%
Brandon Jennings
40%
Dave Bing
40%
Glen Rice
40%
Antonio McDyess
30%
Deron Williams
20%
Ed Macauley
20%
George Yardley
20%
Jerry Stackhouse
20%
Chet Walker
10%
Lou Hudson
10%
Michael Adams
10%
Neil Johnston
10%
Phil Chenier
10%
Purvis Short
10%
Dike Eddleman
0%
No matching quizzes found
Score Distribution
Percent of People with Each Score
Percentile by Number Answered
Your Score History
You have not taken this quiz since the last reset